LEGO Cars by Picture - Statistics

General Stats
  • This quiz has been taken 31 times
  • The average score is 24 of 49
Answer Stats
Picture Answer % Correct
Doc Hudson
95%
Finn McMissile
84%
Lightning McQueen
84%
Fillmore
79%
Flo
79%
Francesco Bernoulli
79%
Guido
79%
Luigi
79%
Mack
79%
Sarge
79%
Tow Mater
79%
The Queen
74%
Cruz Ramirez
68%
Red
68%
Sally Carrera
68%
Sheriff
68%
Holley Shiftwell
63%
Professor Otto Wolfgang Zündapp
63%
Sir Miles Axlerod
63%
Jackson Storm
58%
Carla Veloso
53%
Ivan | Tow Mater
53%
Jeff Gorvette
53%
Acer
47%
Dusty Crophopper
47%
Rod "Torque" Redline
47%
Shu Todoroki
47%
Grem
42%
Raoul ÇaRoule
42%
Leland Turbo
37%
Max Schnell
37%
Miss Fritter
37%
Broadside
32%
Junior "Midnight" Moon
32%
Smokey
32%
Chug
26%
El Chupacabra
26%
Petrov Trunkov
26%
Siddeley
26%
Skipper Riley
26%
Blade Ranger
21%
Ian Steploadski
21%
Tony Trihull
21%
Alex Machino
16%
Drip
16%
Ripslinger
16%
E. Manual Maniez
11%
Kik
11%
Sparky
11%
No matching quizzes found
Score Distribution
Percent of People with Each Score
Percentile by Number Answered
Your Score History
You have not taken this quiz